Statistics for NBA Top 100 All-Time: Free Throw Percent

Click here to take the quiz!

General Stats

  • This quiz has been taken 50 times
    (20 since last reset)
  • The average score is 30 of 100

Answer Stats

# Player FT Percent % Correct
1Stephen Curry90.56%
100%
81Dell Curry84.35%
95%
12Reggie Miller88.77%
79%
15Kevin Durant88.26%
79%
69Magic Johnson84.79%
74%
2Steve Nash90.43%
74%
47James Harden85.82%
74%
13Larry Bird88.57%
74%
95Eddie Johnson84.02%
68%
93Kevin Johnson84.05%
68%
6Ray Allen89.39%
68%
22Ricky Pierce87.55%
58%
94Lou Williams84.03%
58%
36Micheal Williams86.80%
58%
T32Chris Paul87.04%
58%
31Mo Williams87.08%
58%
51Jarrett Jack85.54%
58%
9J.J. Redick89.06%
58%
11Damian Lillard88.88%
58%
T18Kyle Korver87.69%
53%
61Tony Jackson85.11%
53%
78Jason Terry84.53%
53%
T18Kyrie Irving87.69%
53%
3Mark Price90.39%
53%
16Dirk Nowitzki87.87%
47%
T99Adrian Smith83.77%
47%
79Steve Smith84.52%
47%
62Walter Davis85.09%
42%
T25Isaiah Thomas87.23%
42%
17Jeff Hornacek87.70%
42%
7Rick Barry89.31%
42%
4Peja Stojakovic89.48%
42%
5Chauncey Billups89.40%
42%
74Flynn Robinson84.61%
37%
44Jamal Crawford86.19%
37%
77Glen Rice84.58%
37%
70Spud Webb84.76%
37%
T89George Gervin84.10%
32%
29Jeff Malone87.11%
32%
37Chris Mullin86.55%
32%
96Rolando Blackman84.01%
32%
45Sam Cassell86.08%
32%
83Joe Dumars84.33%
26%
8Calvin Murphy89.16%
26%
71Caron Butler84.70%
26%
75Paul George84.59%
26%
T89Ricky Rubio84.10%
26%
98Michael Redd83.82%
26%
T99Oscar Robertson83.77%
26%
50Ben Gordon85.67%
26%
20Khris Middleton87.63%
26%
24Danilo Gallinari87.29%
26%
30Devin Booker86.84%
26%
34Hersey Hawkins86.98%
26%
66Michael Adams84.86%
21%
23Terrell Brandon87.32%
21%
27Kiki Vandeweghe87.17%
21%
28Darrell Armstrong87.14%
21%
80Jeff Teague84.42%
21%
76Marco Belinelli84.58%
21%
40Allan Houston86.34%
21%
59Richard Hamilton85.15%
21%
63Mitch Richmond85.01%
21%
53Kawhi Leonard85.46%
21%
49Fred Brown85.75%
16%
T32Kevin Martin87.04%
16%
56Derek Anderson85.26%
16%
64Jack Sikma84.94%
16%
67Kelly Tripucka84.86%
16%
43John Long86.22%
11%
52James Silas85.50%
11%
21Earl Boykins87.58%
11%
72Danny Ainge84.65%
11%
14Bill Sharman88.31%
11%
10Scott Skiles88.91%
11%
68Danny Granger84.79%
11%
46Wally Szczerbiak85.99%
11%
48Dana Barros85.78%
11%
T89Nicolas Batum84.10%
11%
65Dolph Schayes84.92%
11%
97Bill Bradley83.98%
11%
55Mario Elie85.40%
5%
39Charles Beasley86.39%
5%
84Mike Gminski84.31%
5%
38D.J. Augustin86.51%
5%
42Luke Ridnour86.23%
0%
41Mack Calvin86.32%
0%
73Junior Bridgeman84.61%
0%
60Darel Carrier85.13%
0%
54Larry Siegfried85.45%
0%
T25Bill Keller87.23%
0%
92Skeeter Swift84.08%
0%
85Ricky Sobers84.30%
0%
35Mike Newlin86.95%
0%
57Darren Collison85.25%
0%
58Randy Foye85.16%
0%
88Bryant Stith84.11%
0%
87Larry Costello84.12%
0%
86Brian Winters84.24%
0%
82Jack Marin84.33%
0%

Score Distribution

Percentile by Number Answered

Percent of People with Each Score

Your Score History

You have not taken this quiz since the last reset